L'Empire ottoman au XIXe siècle (notice n° 1568425)

détails MARC
000 -LEADER
fixed length control field 01402cam a2200133 4500500
005 - DATE AND TIME OF LATEST TRANSACTION
control field 20251214004317.0
041 ## - LANGUAGE CODE
Language code of text/sound track or separate title fre
042 ## - AUTHENTICATION CODE
Authentication code dc
100 10 - MAIN ENTRY--PERSONAL NAME
Personal name Moreau, Odile
Relator term author
245 00 - TITLE STATEMENT
Title L'Empire ottoman au XIXe siècle
260 ## - PUBLICATION, DISTRIBUTION, ETC.
Name of publisher, distributor, etc. Armand Colin,<br/>
Date of publication, distribution, etc. 2020.<br/>
520 ## - SUMMARY, ETC.
Summary, etc. Le long XIXe siècle ottoman fut sans doute le siècle le plus long et le plus tumultueux de cet Empire. Débutant en 1774 avec l’ouverture de la question d’Orient, il se termina en 1923, lors de la proclamation de la république de Turquie. Le XIXe siècle ottoman fut aussi un siècle neuf, porteur de la problématique inédite des réformes, marquant le passage d’un ordre ancien à un ordre nouveau, par strates successives, et il bouleversa toutes les institutions, changeant durablement les relations entre État et société. De plus, les réformes se déclinèrent selon des temporalités et des modalités différenciées au centre de l’Empire ottoman, à Istanbul, et dans les provinces de son immense territoire, comme au Caire et à Tunis. L’évolution de l’Empire ottoman est envisagée dans sa confrontation aux nationalismes, aux tensions ethniques ou communautaires ainsi qu’au sein des relations internationales, entrant en résonance avec les enjeux contemporains.
856 41 - ELECTRONIC LOCATION AND ACCESS
Uniform Resource Identifier <a href="https://shs.cairn.info/l-empire-ottoman-au-xixe-siecle--9782200614225?lang=fr&redirect-ssocas=7080">https://shs.cairn.info/l-empire-ottoman-au-xixe-siecle--9782200614225?lang=fr&redirect-ssocas=7080</a>

Pas d'exemplaire disponible.

PLUDOC

PLUDOC est la plateforme unique et centralisée de gestion des bibliothèques physiques et numériques de Guinée administré par le CEDUST. Elle est la plus grande base de données de ressources documentaires pour les Étudiants, Enseignants chercheurs et Chercheurs de Guinée.

Adresse

627 919 101/664 919 101

25 boulevard du commerce
Kaloum, Conakry, Guinée

Réseaux sociaux

Powered by Netsen Group @ 2025